Ochrana telekomunikačních a zabezpečovacích zařízení proti rušivým vlivům : sborník přednášek /.
Uložené v:
| Médium: | Kniha |
|---|---|
| Jazyk: | Czech |
| Vydané: |
Praha :
Dům techniky Československé vědeckotechnické společnosti,
1979.
|
| Vydanie: | 1.vyd. |
| ISBN: |
(brož.) |
| Fyzický popis: |
140 s. |
| Tagy: |
Pridať tag
Žiadne tagy, Buďte prvý kto otaguje tento záznam!
|
Titul je dostupný aj v ... 

MARC
| LEADER | 00000nam a22000001 4500 | ||
|---|---|---|---|
| 001 | 000137521 | ||
| 005 | 20091109074125.0 | ||
| 008 | 030330s1979 xr cze d | ||
| 020 | |a (brož.) | ||
| 040 | |a SVKKK |b slo |c SVKKK |e AACR2 | ||
| 041 | 0 | |a cze | |
| 044 | |a xr |c CZ | ||
| 245 | 0 | 0 | |a Ochrana telekomunikačních a zabezpečovacích zařízení proti rušivým vlivům : |b sborník přednášek /. |
| 250 | |a 1.vyd. | ||
| 260 | |a Praha : |b Dům techniky Československé vědeckotechnické společnosti, |c 1979. | ||
| 300 | |a 140 s. | ||
| 366 | |a 200 výt. | ||
| 500 | |a Obr. a tb. v texte | ||
| 504 | |a Prehľady lit. | ||
| 910 | |a svkkk | ||
| 998 | |a BK | ||
| 090 | |g SCKHL |k Sklad Pribinova 2. posch. |a II.249247 |j 599734 |i 137521-10 |s Absenčne | ||